| 000 | 00616nam a22001811cc4500 | ||
|---|---|---|---|
| 001 | a987674692+BandIV | ||
| 035 | _aa987674692 | ||
| 008 | 170707s1979 gw |||| 000u ger d | ||
| 020 |
_a3764617381 _93-7646-1738-1 |
||
| 245 | 0 | 4 |
_aDie Wehrmacht im Dritten Reich _nBand IV _p5. Februar 1938 bis 31. August 1939 |
| 264 |
_aBoppard am Rhein : _bBoldt, _c1979 |
||
| 300 | _aXIX, 412 S. | ||
| 246 | 1 | 2 |
_aDie Wehrmacht im Dritten Reich : Aufbau, Gliederung, Recht, Verwaltung. 5. Februar 1938 bis 31. August 1939 _nBand IV |
| 773 | 0 | 8 |
_wa987674692 _qBandIV |
| 942 | _cMG | ||
| 040 | _cRU-10907106 | ||
| 003 | RU-10907106 | ||
| 999 |
_c45003 _d45003 |
||